00394nrm a2200133 a 4500008004100000050001800041100002100059245008100080260003300161300001300194350000900207650001600216650002800232070508s2004 ||||||||||||||||| || u aHC 79.I55 ICT aGillwald, Alison10aICT sector performance in Africa: a review of seven African countriesh[toy] aWitts UniversitybIDRCc2004 a32 pages a0.00 aINFORMATION aTECHNOLOGY, INFORMATION